000
00282nam a22001217a 4500
008
170616b xxu||||| |||| 00| 0 eng d
041
_a
eng
080
_a
94(7/8)
100
_a
16
101
_a
SHH
245
_a
AMERICAN FOREIGN POLICY AND DIPLOMACY
_c
BEMINS,S.F
942
_2
udc
_c
BK
999
_c
17928
_d
17928